The study on living standard of business palm tree in preah nipean commune, kong pisey district, kampong speu province, ការសិក្សាពីកម្រិតជីវភាពរស់នៅរបស់ប្រជាជនលើមុខរបរឡើងត្នោត​ នៅឃុំព្រះនិព្វាន ស្រុកគងពិសី ខេត្តកំពង់ស្ពឺ. (Record no. 4840)

000 -LEADER
fixed length control field 00799nam a22001337a 4500
040 ## - CATALOGING SOURCE
Transcribing agency RUA
082 ## - DEWEY DECIMAL CLASSIFICATION NUMBER
Classification number AED SRE 2010 B249 Or.1
100 ## - MAIN ENTRY--AUTHOR NAME
Personal name SREY VANNA; ស្រី វណ្ណា
245 ## - TITLE STATEMENT
Title The study on living standard of business palm tree in preah nipean commune, kong pisey district, kampong speu province, ការសិក្សាពីកម្រិតជីវភាពរស់នៅរបស់ប្រជាជនលើមុខរបរឡើងត្នោត​ នៅឃុំព្រះនិព្វាន ស្រុកគងពិសី ខេត្តកំពង់ស្ពឺ.
260 ## - PUBLICATION, DISTRIBUTION, ETC. (IMPRINT)
Place of publication Phnom Penh
Name of publisher RUA
Year of publication 2010
300 ## - PHYSICAL DESCRIPTION
Number of Pages ix; 45p.
Other physical details ill.
Dimensions 29cm.
856 ## - ELECTRONIC LOCATION AND ACCESS
Uniform Resource Identifier https://drive.google.com/file/d/1pvsYk32UrcDwarxDs_gde0KVoh5JN_AA/view?usp=sharing
942 ## - ADDED ENTRY ELEMENTS (KOHA)
Koha item type AED
952 ## - LOCATION AND ITEM INFORMATION (KOHA)
Withdrawn status [LOCAL, KOHA] 0
952 ## - LOCATION AND ITEM INFORMATION (KOHA)
Withdrawn status [LOCAL, KOHA] 0
Holdings
Permanent Location Date acquired Koha item type Lost status Shelving location Barcode Current Location Full call number
Library Block B2015-12-20AED B249RUA035814Library Block BAED SRE 2010 B249 Or.1
Library Block B2015-12-20AED B249RUA033088Library Block BAED SRE 2010 B249 Or.2
មជ្ឈមណ្ឌលឯការនៃសាកលវិទ្យាល័យភូមិន្ទកសិកម្មចំការដូង

Powered by Koha